International Monetary Fund and Private Business Transactions.

This paper analyzes legal impact of the Articles of Agreement of the IMF on the business transactions of private persons and corporations. At the heart of the Articles is the simple idea that the member states of the IMF should observe certain rules of good conduct in monetary policy, and that when...

Fuld beskrivelse

Bibliografiske detaljer
Institution som forfatter: International Monetary Fund
Format: Tidsskrift
Sprog:English
Udgivet: Washington, D.C. : International Monetary Fund, 1965.
Serier:Pamphlet Series
Online adgang:Full text available on IMF
LEADER 01692cas a2200241 a 4500
001 AALejournalIMF008107
008 230101c9999 xx r poo 0 0eng d
020 |c 5.00 USD 
020 |z 9781451939897 
022 |a 0538-8759 
040 |a BD-DhAAL  |c BD-DhAAL 
110 2 |a International Monetary Fund. 
245 1 0 |a International Monetary Fund and Private Business Transactions. 
264 1 |a Washington, D.C. :  |b International Monetary Fund,  |c 1965. 
300 |a 1 online resource (36 pages) 
490 1 |a Pamphlet Series 
500 |a <strong>Off-Campus Access:</strong> No User ID or Password Required 
500 |a <strong>On-Campus Access:</strong> No User ID or Password Required 
506 |a Electronic access restricted to authorized BRAC University faculty, staff and students 
520 3 |a This paper analyzes legal impact of the Articles of Agreement of the IMF on the business transactions of private persons and corporations. At the heart of the Articles is the simple idea that the member states of the IMF should observe certain rules of good conduct in monetary policy, and that when it becomes difficult to observe these rules, the strain could be reduced by assistance made available from the financial resources of the IMF. This paper focuses on major obligations of good conduct that are binding on member states. It also examines legal rules of so-called public policy or ordre public, which are not explicit but can nevertheless be drawn from the Articles. 
538 |a Mode of access: Internet 
830 0 |a Pamphlet Series 
856 4 0 |z Full text available on IMF  |u http://elibrary.imf.org/view/books/054/14058-9781451939897-en/14058-9781451939897-en-book.xml  |z IMF e-Library